| 000 | 00505nam a22001457a 4500 | ||
|---|---|---|---|
| 005 | 20241130121120.0 | ||
| 008 | 241130b |||||||| |||| 00| 0 eng d | ||
| 050 | _aQD65 CRC | ||
| 245 |
_aCRC Handbook of Chemistry and Physics/ _ba ready-reference book of chemical and physical data _ceditor, Robert C. Weast |
||
| 250 | _a50th ed. | ||
| 260 |
_aCranwood Parkway, _bThe Chemical Rubber Co. _c1969 |
||
| 300 |
_axxiv. various paging _bill. _c27.5cm |
||
| 700 | _aWeast, Robert C. | ||
| 942 |
_2lcc _cBK _e50th ed. _n0 |
||
| 999 |
_c1835 _d1835 |
||